000 00931nam a2200277Ia 4500
005 20220316235514.0
008 121119s2000 ck a jr 000 0dspa
020 _a9589037941
041 0 _aspa
082 0 4 _a923.9
_b017R
100 1 _aReyes, Yolanda
_d1959-
245 1 0 _aMauricio Obregón
_bnavegante de mar y cielo
_cYolanda Reyes ; ilustraciones, Claudia García
250 _aPrimera edición
300 _a75 páginas
_bilustraciones
_c28 cm
490 0 _aJuvenil
600 1 4 _aObregón, Mauricio
_d1921-1998
_919957
650 1 4 _a Literatura juvenil
_2LEMB
650 1 4 _aViajeros españoles
_xLiteratura infantil
_vBiografías
_2LEMB
700 1 _aGarcía, Claudia
_eilustrador
_910822
942 _2ddc
_cBKLIT
264 _aBogotá
_bColciencias
_c2000
336 _atexto
_btxt
_2rdacontent
337 _asin mediación
_bn
_2rdamedia
338 _avolumen
_bnc
_2rdacarrier
040 _aCO-BoRNBP
_bspa
_erda
_cCO-BoRNBP
999 _c1165
_d1165